000 01851nam a2200349 i 4500
003 EG-GICUC
005 20260511213743.0
008 260511s20152016ua |||fr|||| 00| 0 ara d
017 _a15142/2015
020 _a9789774001495
040 _a EG-GICUC
_bara
_c EG-GICUC
_d EG-GICUC
_erda
041 0 _aAra
082 0 4 _221
_a343.124
_bم ص . د
092 0 4 _221
099 _aLaw1 10 343.124 م ص . د 2015
100 0 _aمصطفى مجدى هرجه
_eمؤلف.
245 1 0 _aالدفوع الجنائية فى جرائم السرقة - النصب - الشيك - التبديد :
_bالدفع بأن المال المسروق من الأموال المتروكة والمباحة - الدفع بانتفاء القصد الجنائي في السرقة - الدفع بأن السرقة بين الأزواج والأبناء - الدفع الخاص بانتفاء الإكراه في السرقة - الدفوع المتعلقة بالسرقات التي ترتكب في الطرق العامة أو في إحدى وسائل النقل البرية أو المائية أو الجوية -الدفوع الخاصة بجرائم النصب - الدفوع الخاصة بجرائم الشيك /
_cتأليف المستشار مصطفى مجدى هرجه.
250 _aالطبعة الأولى
264 1 _aالقاهرة :
_bدار محمود،
_c2015.
300 _a148 ؛صفحة
_c24 سم.
336 _2rda content
_atext
337 _2rda media
_aComputer
338 _2rda carrier
_aOnline Resource
500 _aإهداء من حسن على
546 _aالنص باللغة العربية
650 1 _aالدفاع الشرعى
_2qrmak
650 1 _aالقانون الجنائى
_2qrmak
651 1 _2qrmak
856 4 0 _uhttps://fll.law.cu.edu.eg/fulltext/bks/B10-12273.pdf
905 _a54
942 _2ddc
_cBK
_e21
_n0
999 _c76627
_d76627